Smart Cities, Green Technologies, and Intelligent Transport Systems (Запис № 444719)
[ простий вигляд ]
| 000 -LEADER | |
|---|---|
| fixed length control field | 04054nam a22006375i 4500 |
| 001 - CONTROL NUMBER | |
| control field | 978-3-319-63712-9 |
| 003 - CONTROL NUMBER IDENTIFIER | |
| control field | DE-He213 |
| 005 - DATE AND TIME OF LATEST TRANSACTION | |
| control field | 20210118120640.0 |
| 007 - PHYSICAL DESCRIPTION FIXED FIELD--GENERAL INFORMATION | |
| fixed length control field | cr nn 008mamaa |
| 008 - FIXED-LENGTH DATA ELEMENTS--GENERAL INFORMATION | |
| fixed length control field | 170807s2017 gw | s |||| 0|eng d |
| 020 ## - INTERNATIONAL STANDARD BOOK NUMBER | |
| International Standard Book Number | 9783319637129 |
| -- | 978-3-319-63712-9 |
| 024 7# - OTHER STANDARD IDENTIFIER | |
| Standard number or code | 10.1007/978-3-319-63712-9 |
| Source of number or code | doi |
| 050 #4 - LIBRARY OF CONGRESS CALL NUMBER | |
| Classification number | QA76.76.A65 |
| 072 #7 - SUBJECT CATEGORY CODE | |
| Subject category code | UB |
| Source | bicssc |
| 072 #7 - SUBJECT CATEGORY CODE | |
| Subject category code | COM018000 |
| Source | bisacsh |
| 072 #7 - SUBJECT CATEGORY CODE | |
| Subject category code | UB |
| Source | thema |
| 082 04 - DEWEY DECIMAL CLASSIFICATION NUMBER | |
| Classification number | 004 |
| Edition number | 23 |
| 245 10 - TITLE STATEMENT | |
| Title | Smart Cities, Green Technologies, and Intelligent Transport Systems |
| Medium | [electronic resource] : |
| Remainder of title | 5th International Conference, SMARTGREENS 2016, and Second International Conference, VEHITS 2016, Rome, Italy, April 23-25, 2016, Revised Selected Papers / |
| Statement of responsibility, etc | edited by Markus Helfert, Cornel Klein, Brian Donnellan, Oleg Gusikhin. |
| 250 ## - EDITION STATEMENT | |
| Edition statement | 1st ed. 2017. |
| 264 #1 - | |
| -- | Cham : |
| -- | Springer International Publishing : |
| -- | Imprint: Springer, |
| -- | 2017. |
| 300 ## - PHYSICAL DESCRIPTION | |
| Extent | XIV, 323 p. 173 illus. |
| Other physical details | online resource. |
| 336 ## - | |
| -- | text |
| -- | txt |
| -- | rdacontent |
| 337 ## - | |
| -- | computer |
| -- | c |
| -- | rdamedia |
| 338 ## - | |
| -- | online resource |
| -- | cr |
| -- | rdacarrier |
| 347 ## - | |
| -- | text file |
| -- | |
| -- | rda |
| 490 1# - SERIES STATEMENT | |
| Series statement | Communications in Computer and Information Science, |
| Міжнародний стандартний серійний номер для назви серії (ISSN) | 1865-0929 ; |
| Том/ позначення послідовності | 738 |
| 505 0# - FORMATTED CONTENTS NOTE | |
| Formatted contents note | Invited Paper -- Smart Cities and Green ICT Systems -- Vehicle Technology and Intelligent Transport Systems. |
| 520 ## - SUMMARY, ETC. | |
| Summary, etc | This book constitutes the thoroughly refereed post-conference proceedings of the 5th International Conference on Smart Cities and Green ICT Systems, SMARTGREENS 2016, and the Second International Conference on Vehicle Technology and Intelligent Transport Systems, VEHITS 2016, held in Rome, Italy, in April 2016. The 11 full papers of SMARTGREENS 2016 presented were carefully reviewed and selected from 72 submissions. VEHITS 2016 received 49 paper submissions from which 5 papers were selected and published in this book. The papers reflect topics such as smart cities, energy-aware systems and technologies, sustainable computing and communications, sustainable transportation and smart mobility. |
| 506 ## - RESTRICTIONS ON ACCESS NOTE | |
| Terms governing access | Available to subscribing member institutions only. Доступно лише організаціям членам підписки. |
| 506 ## - RESTRICTIONS ON ACCESS NOTE | |
| Standardized terminology for access restriction | Online access from local network of NaUOA. |
| 506 ## - RESTRICTIONS ON ACCESS NOTE | |
| Standardized terminology for access restriction | Online access with authorization at https://link.springer.com/ |
| 506 ## - RESTRICTIONS ON ACCESS NOTE | |
| Standardized terminology for access restriction | Онлайн-доступ з локальної мережі НаУОА. |
| 506 ## - RESTRICTIONS ON ACCESS NOTE | |
| Standardized terminology for access restriction | Онлайн доступ з авторизацією на https://link.springer.com/ |
| 650 #0 - SUBJECT ADDED ENTRY--TOPICAL TERM | |
| Topical term or geographic name as entry element | Application software. |
| 650 #0 - SUBJECT ADDED ENTRY--TOPICAL TERM | |
| Topical term or geographic name as entry element | Computer organization. |
| 650 #0 - SUBJECT ADDED ENTRY--TOPICAL TERM | |
| Topical term or geographic name as entry element | Artificial intelligence. |
| 650 #0 - SUBJECT ADDED ENTRY--TOPICAL TERM | |
| Topical term or geographic name as entry element | Computers and civilization. |
| 650 14 - SUBJECT ADDED ENTRY--TOPICAL TERM | |
| Topical term or geographic name as entry element | Computer Applications. |
| -- | http://scigraph.springernature.com/things/product-market-codes/I23001 |
| 650 24 - SUBJECT ADDED ENTRY--TOPICAL TERM | |
| Topical term or geographic name as entry element | Computer Systems Organization and Communication Networks. |
| -- | http://scigraph.springernature.com/things/product-market-codes/I13006 |
| 650 24 - SUBJECT ADDED ENTRY--TOPICAL TERM | |
| Topical term or geographic name as entry element | Artificial Intelligence. |
| -- | http://scigraph.springernature.com/things/product-market-codes/I21000 |
| 650 24 - SUBJECT ADDED ENTRY--TOPICAL TERM | |
| Topical term or geographic name as entry element | Computers and Society. |
| -- | http://scigraph.springernature.com/things/product-market-codes/I24040 |
| 700 1# - ADDED ENTRY--PERSONAL NAME | |
| Personal name | Helfert, Markus. |
| Relator term | editor. |
| Relator code | edt |
| -- | http://id.loc.gov/vocabulary/relators/edt |
| 700 1# - ADDED ENTRY--PERSONAL NAME | |
| Personal name | Klein, Cornel. |
| Relator term | editor. |
| Relator code | edt |
| -- | http://id.loc.gov/vocabulary/relators/edt |
| 700 1# - ADDED ENTRY--PERSONAL NAME | |
| Personal name | Donnellan, Brian. |
| Relator term | editor. |
| Relator code | edt |
| -- | http://id.loc.gov/vocabulary/relators/edt |
| 700 1# - ADDED ENTRY--PERSONAL NAME | |
| Personal name | Gusikhin, Oleg. |
| Relator term | editor. |
| Relator code | edt |
| -- | http://id.loc.gov/vocabulary/relators/edt |
| 710 2# - ADDED ENTRY--CORPORATE NAME | |
| Corporate name or jurisdiction name as entry element | SpringerLink (Online service) |
| 773 0# - HOST ITEM ENTRY | |
| Title | Springer eBooks |
| 776 08 - ADDITIONAL PHYSICAL FORM ENTRY | |
| Display text | Printed edition: |
| International Standard Book Number | 9783319637112 |
| 776 08 - ADDITIONAL PHYSICAL FORM ENTRY | |
| Display text | Printed edition: |
| International Standard Book Number | 9783319637136 |
| 830 #0 - SERIES ADDED ENTRY--UNIFORM TITLE | |
| Uniform title | Communications in Computer and Information Science, |
| -- | 1865-0929 ; |
| Volume number/sequential designation | 738 |
| 856 40 - ELECTRONIC LOCATION AND ACCESS | |
| Uniform Resource Identifier | <a href="https://doi.org/10.1007/978-3-319-63712-9">https://doi.org/10.1007/978-3-319-63712-9</a> |
| 912 ## - | |
| -- | ZDB-2-SCS |
| 942 ## - ADDED ENTRY ELEMENTS (KOHA) | |
| Koha item type | ЕКнига |
Немає доступних примірників.